| 000 -LEADER |
| fixed length control field |
00992nam a22001577a 4500 |
| 008 - FIXED-LENGTH DATA ELEMENTS--GENERAL INFORMATION |
| fixed length control field |
231114b ||||| |||| 00| 0 eng d |
| 100 ## - MAIN ENTRY--PERSONAL NAME |
| Personal name |
Mital, Raman |
| 245 ## - TITLE STATEMENT |
| Title |
Using other proprietor’s trade mark: An analysis of the principle of fair use in trade mark law in India |
| 260 ## - PUBLICATION, DISTRIBUTION, ETC. (IMPRINT) |
| Place of publication, distribution, etc |
Journal of the Indian Law Institute |
| 300 ## - PHYSICAL DESCRIPTION |
| Extent |
64(3), Jul-Sep, 2023: p.261-280 |
| 520 ## - SUMMARY, ETC. |
| Summary, etc |
Section 30 of the trade marks act, provide various exception in which a regained trade mark could be legitimate used by persons under than the proprietor of the trade mark without infringement of the right of the proprietor of the trade mark. This paper analysis all these ‘fare use’ situations and seeks to determine the exact scope of the exceptions which in turn help determine the ambit of the rights of the proprietor of trade mark. – Reproduced |
| 650 ## - SUBJECT ADDED ENTRY--TOPICAL TERM |
| Topical term or geographic name as entry element |
Trade mark law |
| 9 (RLIN) |
46053 |
| 773 ## - HOST ITEM ENTRY |
| Main entry heading |
Journal of the Indian Law Institute |
| 906 ## - LOCAL DATA ELEMENT F, LDF (RLIN) |
| Subject DIP |
TRADE MARK LAW |
| 942 ## - ADDED ENTRY ELEMENTS (KOHA) |
| Item type |
Articles |